Neonatal formulary (Record no. 154571)

MARC details
000 -LEADER
fixed length control field 00392nam a2200145Ia 4500
008 - FIXED-LENGTH DATA ELEMENTS--GENERAL INFORMATION
fixed length control field 230411s9999 xx 000 0 und d
020 ## - INTERNATIONAL STANDARD BOOK NUMBER
International Standard Book Number 0-7279-1238-0
041 ## - LANGUAGE CODE
Language code of text/sound track or separate title eng
082 ## - DEWEY DECIMAL CLASSIFICATION NUMBER
Classification number P/615.13/NOR/B03759
100 ## - MAIN ENTRY--PERSONAL NAME
Personal name Northern Neonatal Network
9 (RLIN) 177908
245 ## - TITLE STATEMENT
Title Neonatal formulary
260 ## - PUBLICATION, DISTRIBUTION, ETC. (IMPRINT)
Name of publisher, distributor, etc. BMJ Publishing Group
Place of publication, distribution, etc. London
Date of publication, distribution, etc. 1998
300 ## - PHYSICAL DESCRIPTION
Extent 270p
Holdings
Withdrawn status Lost status Damaged status Not for loan Collection code Home library Current library Date acquired Vendor Cost, normal purchase price Bill number Total Checkouts Full call number Barcode Date last seen Cost, replacement price Bill Date Koha item type Original Barcode
          Smt. Bakul Tambat Institute of Nursing Education Smt. Bakul Tambat Institute of Nursing Education 09/10/2006 British Library 50.00 V. NO. 259   P 615.13 NOR B03759 BTIN-BK-3759 11/04/2023 50.00 09/10/2006 Books B03759